000 00305nam a22001337a 4500
008 170508b xxu||||| |||| 00| 0 eng d
020 _a9781412979719
041 _aeng
080 _27TH
_a343.9
100 _a15
101 _aSHJ
245 _aINTRODUCTION TO CRIMINOLOGY
_cHAGAN, F.E
942 _2udc
_cBK
999 _c12868
_d12868